Long term treatment in cleft lip and palate: Awith coordinated team approach; proceedings of the first international symposium August 23rd/24th, 1979 Department of Pediatric Surgery, University of Bern, Switzerland (Record no. 73387)

MARC details
000 -LEADER
fixed length control field 00543nam a2200145Ia 4500
008 - FIXED-LENGTH DATA ELEMENTS--GENERAL INFORMATION
fixed length control field 230917s9999||||xx |||||||||||||| ||und||
040 ## - CATALOGING SOURCE
-- 1261
Original cataloging agency VIVEKANANDA LIBRARY
041 ## - Language
-- English
082 ## - DDC NUMBER
Classification number 618.9 K26L
100 ## - MAIN ENTRY--PERSONAL NAME
Personal name Kehrer, Beat ,ed...[et al]
245 #0 - TITLE STATEMENT
Title Long term treatment in cleft lip and palate: Awith coordinated team approach; proceedings of the first international symposium August 23rd/24th, 1979 Department of Pediatric Surgery, University of Bern, Switzerland
260 ## - PUBLICATION, DISTRIBUTION, ETC. (IMPRINT)
Place of publication, distribution, etc Vienna
Name of publisher, distributor, etc Hans Huber
Date of publication, distribution, etc 1981
300 ## - PHYSICAL DESCRIPTION
Pages 340 p.
942 ## - ADDED ENTRY ELEMENTS (KOHA)
Koha item type Books
Holdings
Withdrawn status Lost status Damaged status Not for loan Location (home branch) Sublocation or collection (holding branch) Date acquired Koha issues (times borrowed) Koha full call number Accession No. Koha date last seen Koha item type
        VIVEKANANDA LIBRARY VIVEKANANDA LIBRARY 08/08/2002   618.9 K26L 147660 17/09/2023 Books
© Designed and Maintained by Vivekananda Library, MDU Rohtak